[Event "7th Francophone-ch 2019"]
[Site "Paris"]
[Date "2019.08.10"]
[Round "7.1"]
[White "Bergez, Luc"]
[Black "Flom, Gabriel"]
[Result "0-1"]
[WhiteElo "2308"]
[BlackElo "2494"]
[Annotator "ChessBase"]
[PlyCount "82"]
[EventDate "2019.08.04"]
[EventType "swiss"]
[EventCountry "FRA"]
[SourceTitle "playchess.com"]
[Source "ChessBase"]
[SourceQuality "1"]
[TimeControl "40/5400+30:1800+30"]

1. e4 {[%emt 0:00:00]} e6 {[%emt 0:09:19]} 2. d4 {[%emt 0:00:26]} d5 {[%emt 0:00:03]} 3. Nc3 {[%emt 0:00:10]} Bb4 {[%emt 0:00:19]} 4. Bd3 {[%emt 0:10:26]} dxe4 {[%emt 0:00:40]} 5. Bxe4 {[%emt 0:00:11]} Nf6 {[%emt 0:00:06]} 6. Bd3 {[%emt 0:00:13]} c5 {[%emt 0:02:27]} 7. a3 {[%emt 0:02:01]} Ba5 {[%emt 0:01:56]} 8. Nge2 {[%emt 0:08:48]} cxd4 {[%emt 0:04:18]} 9. Nxd4 {[%emt 0:00:30]} O-O {[%emt 0:00:03]} 10. Bg5 {[%emt 0:05:18]} e5 {[%emt 0:07:34]} 11. Ndb5 {[%emt 0:01:19]} a6 {[%emt 0:11:48]} 12. Nd6 {[%emt 0:02:02]} Bxc3+ {[%emt 0:00:02]} 13. bxc3 {[%emt 0:00:13]} h6 {[%emt 0:07:38]} 14. Bh4 {[%emt 0:00:35]} Qe7 {[%emt 0:10:25]} 15. O-O {[%emt 0:04:29]} Rd8 {[%emt 0:01:55]} 16. Nxc8 {[%emt 0:09:21]} Rxc8 {[%emt 0:00:01]} 17. Qf3 {[%emt 0:02:17]} g5 {[%emt 0:05:46]} 18. Bg3 {[%emt 0:01:28]} e4 {[%emt 0:00:46]} 19. Rfe1 {[%emt 0:00:23]} Rxc3 {[%emt 0:01:25]} 20. Rxe4 {[%emt 0:02:55]} Nxe4 {[%emt 0:00:15]} 21. Re1 {[%emt 0:00:09]} Nd7 {[%emt 0:04:50]} 22. Rxe4 {[%emt 0:04:52]} Qf6 {[%emt 0:00:10]} 23. Qe3 {[%emt 0:04:31]} Rxd3 {[%emt 0:02:30]} 24. cxd3 {[%emt 0:00:41]} Qa1+ {[%emt 0:00:03]} 25. Qe1 {[%emt 0:00:11]} Qxa3 {[%emt 0:07:23]} 26. h4 {[%emt 0:02:31]} Nf6 {[%emt 0:05:20]} 27. Rd4 {[%emt 0:11:44]} Re8 {[%emt 0:01:07]} 28. Qf1 {[%emt 0:05:05]} Qc3 {[%emt 0:04:16]} 29. Rc4 {[%emt 0:00:08]} Qd2 {[%emt 0:00:10]} 30. f3 {[%emt 0:01:19]} Nd5 {[%emt 0:02:16]} 31. Re4 {[%emt 0:13:13]} Rxe4 {[%emt 0:00:04]} 32. dxe4 {[%emt 0:02:00]} Ne3 {[%emt 0:00:06]} 33. Qf2 {[%emt 0:00:41]} Qc1+ {[%emt 0:01:08]} 34. Qe1 {[%emt 0:00:51]} Qxe1+ {[%emt 0:00:19]} 35. Bxe1 {[%emt 0:00:02]} Nc2 {[%emt 0:05:37]} 36. Bd2 {[%emt 0:00:08]} gxh4 {[%emt 0:00:03]} 37. Kf2 {[%emt 0:01:40]} Kh7 {[%emt 0:00:07]} 38. Ke2 {[%emt 0:00:14]} Nd4+ {[%emt 0:00:14]} 39. Kd3 {[%emt 0:01:42]} h3 {[%emt 0:00:32]} 40. gxh3 {[%emt 0:00:07]} Nxf3 {[%emt 0:00:10]} 41. Bc3 {[%emt 0:31:14]} Kg6 {[%emt 0:30:25]} 0-1

[Event "7th Francophone-ch 2019"]
[Site "Paris"]
[Date "2019.08.10"]
[Round "7.2"]
[White "Piscopo, Pierluigi"]
[Black "Mastrovasilis, Dimitrios"]
[Result "0-1"]
[WhiteElo "2407"]
[BlackElo "2589"]
[Annotator "ChessBase"]
[PlyCount "156"]
[EventDate "2019.08.04"]
[EventType "swiss"]
[EventCountry "FRA"]
[SourceTitle "playchess.com"]
[Source "ChessBase"]
[SourceQuality "1"]
[TimeControl "40/5400+30:1800+30"]

1. e4 {[%emt 0:00:00]} c5 {[%emt 0:02:26]} 2. Nf3 {[%emt 0:00:00]} e6 {[%emt 0:00:14]} 3. d4 {[%emt 0:00:01]} cxd4 {[%emt 0:00:10]} 4. Nxd4 {[%emt 0:00:05]} Nc6 {[%emt 0:00:11]} 5. Nc3 {[%emt 0:00:08]} Qc7 {[%emt 0:00:15]} 6. g4 {[%emt 0:01:39]} a6 {[%emt 0:02:51]} 7. h4 {[%emt 0:01:53]} b5 {[%emt 0:04:14]} 8. Nxc6 {[%emt 0:01:41]} Qxc6 {[%emt 0:01:14]} 9. Bg2 {[%emt 0:00:27]} Bb7 {[%emt 0:00:26]} 10. a3 {[%emt 0:00:18]} Bc5 {[%emt 0:01:29]} 11. Bf4 {[%emt 0:02:38]} Ne7 {[%emt 0:00:56]} 12. h5 {[%emt 0:15:20]} h6 {[%emt 0:02:54]} 13. Qe2 {[%emt 0:05:47]} f6 {[%emt 0:11:00]} 14. Rh3 {[%emt 0:10:57]} O-O {[%emt 0:10:28]} 15. O-O-O {[%emt 0:14:01]} Rac8 {[%emt 0:29:44]} 16. Kb1 {[%emt 0:06:35]} b4 {[%emt 0:02:36]} 17. axb4 {[%emt 0:00:15]} Bxb4 {[%emt 0:00:03]} 18. Rhd3 {[%emt 0:05:02]} Rfd8 {[%emt 0:05:54]} 19. Na2 {[%emt 0:16:16]} Bc5 {[%emt 0:00:47]} 20. Rc3 {[%emt 0:09:56]} Qb6 {[%emt 0:01:06]} 21. Rb3 {[%emt 0:00:27]} Qa7 {[%emt 0:01:14]} 22. Bd6 {[%emt 0:00:11]} Bc6 {[%emt 0:05:52]} 23. Bxc5 {[%emt 0:04:01]} Qxc5 {[%emt 0:00:07]} 24. Qe3 {[%emt 0:00:20]} Bb5 {[%emt 0:09:24]} 25. Qxc5 {[%emt 0:01:09]} Rxc5 {[%emt 0:00:02]} 26. Bf1 {[%emt 0:00:11]} Bxf1 {[%emt 0:02:24]} 27. Rxf1 {[%emt 0:00:18]} Nc6 {[%emt 0:01:14]} 28. Rd1 {[%emt 0:02:06]} Ne5 {[%emt 0:01:11]} 29. f3 {[%emt 0:00:54]} a5 {[%emt 0:00:36]} 30. Nc3 {[%emt 0:00:42]} Kf8 {[%emt 0:02:41]} 31. Ne2 {[%emt 0:00:28]} a4 {[%emt 0:01:03]} 32. Ra3 {[%emt 0:01:18]} Rc4 {[%emt 0:00:15]} 33. Rd4 {[%emt 0:00:42]} Rdc8 {[%emt 0:00:47]} 34. Rxa4 {[%emt 0:00:42]} Rxc2 {[%emt 0:00:33]} 35. Nf4 {[%emt 0:00:30]} Ke8 {[%emt 0:00:35]} 36. Ra7 {[%emt 0:00:31]} Rc1+ {[%emt 0:00:19]} 37. Ka2 {[%emt 0:00:05]} R1c7 {[%emt 0:00:38]} 38. Ra3 {[%emt 0:00:16]} Rb8 {[%emt 0:00:25]} 39. Rda4 {[%emt 0:01:08]} Nc4 {[%emt 0:00:29]} 40. Rb3 {[%emt 0:00:08]} Rxb3 {[%emt 0:00:22]} 41. Kxb3 {[%emt 0:30:04]} Nd2+ {[%emt 0:30:29]} 42. Ka3 {[%emt 0:00:00]} Nxf3 {[%emt 0:00:00]} 43. Ra8+ {[%emt 0:00:00]} Ke7 {[%emt 0:00:00]} 44. Ng6+ {[%emt 0:00:00]} Kd6 {[%emt 0:00:00]} 45. Rg8 {[%emt 0:00:00]} Nh2 {[%emt 0:00:00]} 46. Rxg7 {[%emt 0:00:00]} Nxg4 {[%emt 0:00:00]} 47. b4 {[%emt 0:00:00]} Rc3+ {[%emt 0:00:00]} 48. Ka4 {[%emt 0:01:28]} Rc4 {[%emt 0:00:00]} 49. Ka5 {[%emt 0:00:30]} Rxe4 {[%emt 0:00:00]} 50. b5 {[%emt 0:00:04]} Re1 {[%emt 0:00:00]} 51. Kb6 {[%emt 0:02:26]} Rb1 {[%emt 0:00:00]} 52. Ne7 {[%emt 0:01:09]} f5 {[%emt 0:01:29]} 53. Nc8+ {[%emt 0:00:24]} Ke5 {[%emt 0:00:02]} 54. Rxd7 {[%emt 0:00:38]} f4 {[%emt 0:00:07]} 55. Nd6 {[%emt 0:00:55]} f3 {[%emt 0:03:20]} 56. Nc4+ {[%emt 0:00:03]} Kf5 {[%emt 0:00:56]} 57. Rd3 {[%emt 0:00:45]} f2 {[%emt 0:01:47]} 58. Rf3+ {[%emt 0:00:10]} Kg5 {[%emt 0:00:05]} 59. Nd2 {[%emt 0:00:03]} Re1 {[%emt 0:00:40]} 60. Kc7 {[%emt 0:00:16]} Re2 {[%emt 0:00:43]} 61. Nf1 {[%emt 0:00:20]} e5 {[%emt 0:00:23]} 62. b6 {[%emt 0:00:11]} Rc2+ {[%emt 0:00:09]} 63. Kd6 {[%emt 0:02:19]} Rb2 {[%emt 0:00:01]} 64. Kc7 {[%emt 0:00:28]} e4 {[%emt 0:00:05]} 65. Rg3 {[%emt 0:00:25]} Kf4 {[%emt 0:01:25]} 66. b7 {[%emt 0:00:39]} e3 {[%emt 0:00:51]} 67. Rxg4+ {[%emt 0:00:35]} Kxg4 {[%emt 0:00:12]} 68. Nxe3+ {[%emt 0:00:04]} Kxh5 {[%emt 0:00:48]} 69. b8=Q {[%emt 0:00:07]} Rxb8 {[%emt 0:00:04]} 70. Kxb8 {[%emt 0:00:02]} Kg5 {[%emt 0:00:16]} 71. Kc7 {[%emt 0:00:25]} Kf4 {[%emt 0:00:08]} 72. Nf1 {[%emt 0:00:03]} h5 {[%emt 0:00:43]} 73. Kd6 {[%emt 0:00:28]} h4 {[%emt 0:00:38]} 74. Kd5 {[%emt 0:00:04]} Kf3 {[%emt 0:00:36]} 75. Ke5 {[%emt 0:01:01]} Ke2 {[%emt 0:00:50]} 76. Nh2 {[%emt 0:00:02]} f1=Q {[%emt 0:00:12]} 77. Nxf1 {[%emt 0:00:02]} Kxf1 {[%emt 0:00:08]} 78. Kf4 {[%emt 0:00:01]} Kg2 {[%emt 0:02:44]} 0-1

[Event "7th Francophone-ch 2019"]
[Site "Paris"]
[Date "2019.08.10"]
[Round "7.3"]
[White "Philippe, Guillaume"]
[Black "Shchekachev, Andrei"]
[Result "1/2-1/2"]
[WhiteElo "2344"]
[BlackElo "2531"]
[Annotator "ChessBase"]
[PlyCount "89"]
[EventDate "2019.08.04"]
[EventType "swiss"]
[EventCountry "FRA"]
[SourceTitle "playchess.com"]
[Source "ChessBase"]
[SourceQuality "1"]
[TimeControl "40/5400+30:1800+30"]

1. Nf3 {[%emt 0:03:04]} Nf6 {[%emt 0:02:51]} 2. e3 {[%emt 0:00:09]} g6 {[%emt 0:00:46]} 3. b4 {[%emt 0:00:28]} e6 {[%emt 0:04:38]} 4. a3 {[%emt 0:00:23]} Bg7 {[%emt 0:00:09]} 5. Bb2 {[%emt 0:00:16]} O-O {[%emt 0:00:15]} 6. c4 {[%emt 0:02:10]} b6 {[%emt 0:00:53]} 7. Be2 {[%emt 0:00:18]} Bb7 {[%emt 0:00:12]} 8. O-O {[%emt 0:00:08]} c5 {[%emt 0:04:16]} 9. Qb3 {[%emt 0:01:51]} Na6 {[%emt 0:09:01]} 10. d4 {[%emt 0:03:22]} d6 {[%emt 0:03:20]} 11. dxc5 {[%emt 0:12:10]} bxc5 {[%emt 0:01:38]} 12. b5 {[%emt 0:00:27]} Nc7 {[%emt 0:04:51]} 13. Nbd2 {[%emt 0:00:32]} Qe7 {[%emt 0:00:54]} 14. a4 {[%emt 0:03:58]} Rab8 {[%emt 0:01:14]} 15. a5 {[%emt 0:00:21]} e5 {[%emt 0:00:31]} 16. Qc2 {[%emt 0:04:22]} Ng4 {[%emt 0:07:17]} 17. h3 {[%emt 0:09:53]} Nh6 {[%emt 0:00:24]} 18. Nh2 {[%emt 0:00:30]} f5 {[%emt 0:03:17]} 19. Rae1 {[%emt 0:00:48]} Ne6 {[%emt 0:05:03]} 20. f4 {[%emt 0:04:48]} Rbe8 {[%emt 0:07:15]} 21. Bf3 {[%emt 0:05:27]} e4 {[%emt 0:02:01]} 22. Bd1 {[%emt 0:00:47]} g5 {[%emt 0:02:16]} 23. Bxg7 {[%emt 0:04:30]} Qxg7 {[%emt 0:00:31]} 24. Nb3 {[%emt 0:01:01]} gxf4 {[%emt 0:09:44]} 25. exf4 {[%emt 0:00:07]} Nd4 {[%emt 0:01:32]} 26. Nxd4 {[%emt 0:00:57]} cxd4 {[%emt 0:02:34]} 27. c5 {[%emt 0:01:28]} dxc5 {[%emt 0:03:34]} 28. Qxc5 {[%emt 0:00:05]} Ba8 {[%emt 0:01:02]} 29. g4 {[%emt 0:08:21]} Rc8 {[%emt 0:04:46]} 30. Qb4 {[%emt 0:00:38]} Rc3 {[%emt 0:03:48]} 31. g5 {[%emt 0:03:45]} Rxh3 {[%emt 0:02:30]} 32. b6 {[%emt 0:00:58]} axb6 {[%emt 0:00:37]} 33. axb6 {[%emt 0:00:03]} Ng4 {[%emt 0:02:17]} 34. Nxg4 {[%emt 0:02:40]} fxg4 {[%emt 0:00:02]} 35. Bb3+ {[%emt 0:02:49]} Kh8 {[%emt 0:00:08]} 36. Ra1 {[%emt 0:00:04]} Rg3+ {[%emt 0:03:36]} 37. Kh2 {[%emt 0:00:57]} Rh3+ {[%emt 0:00:08]} 38. Kg1 {[%emt 0:00:03]} Bb7 {[%emt 0:06:09]} 39. Ra7 {[%emt 0:00:16]} Rg3+ {[%emt 0:00:20]} 40. Kh2 {[%emt 0:00:43]} Rh3+ {[%emt 0:00:09]} 41. Kg1 {[%emt 0:30:05]} Re8 {[%emt 0:15:05]} 42. Ba4 {[%emt 0:00:00]} Rg3+ {[%emt 0:15:42]} 43. Kh2 {[%emt 0:00:00]} Rh3+ {[%emt 0:00:07]} 44. Kg1 {[%emt 0:00:00]} Rg3+ {[%emt 0:00:06]} 45. Kh2 {[%emt 0:00:00]} 1/2-1/2

[Event "7th Francophone-ch 2019"]
[Site "Paris"]
[Date "2019.08.10"]
[Round "7.4"]
[White "Mastrovasilis, Athanasios"]
[Black "Aloma Vidal, Robert"]
[Result "1/2-1/2"]
[WhiteElo "2518"]
[BlackElo "2419"]
[Annotator "ChessBase"]
[PlyCount "93"]
[EventDate "2019.08.04"]
[EventType "swiss"]
[EventCountry "FRA"]
[SourceTitle "playchess.com"]
[Source "ChessBase"]
[SourceQuality "1"]
[TimeControl "40/5400+30:1800+30"]

1. d4 {[%emt 0:02:29]} Nf6 {[%emt 0:01:39]} 2. c4 {[%emt 0:00:17]} e6 {[%emt 0:00:06]} 3. Nc3 {[%emt 0:01:09]} Bb4 {[%emt 0:00:08]} 4. Nf3 {[%emt 0:01:55]} d5 {[%emt 0:00:31]} 5. cxd5 {[%emt 0:06:22]} exd5 {[%emt 0:02:08]} 6. Bg5 {[%emt 0:00:13]} h6 {[%emt 0:00:04]} 7. Bxf6 {[%emt 0:01:12]} Qxf6 {[%emt 0:00:13]} 8. Qb3 {[%emt 0:01:07]} c5 {[%emt 0:06:16]} 9. a3 {[%emt 0:01:19]} Bxc3+ {[%emt 0:01:14]} 10. Qxc3 {[%emt 0:03:59]} Nd7 {[%emt 0:01:04]} 11. e3 {[%emt 0:10:46]} c4 {[%emt 0:00:42]} 12. a4 {[%emt 0:09:29]} O-O {[%emt 0:03:26]} 13. Be2 {[%emt 0:02:32]} Qg6 {[%emt 0:08:21]} 14. O-O {[%emt 0:04:16]} Nf6 {[%emt 0:00:05]} 15. Ne5 {[%emt 0:00:37]} Qg5 {[%emt 0:02:33]} 16. f3 {[%emt 0:03:36]} Nd7 {[%emt 0:01:24]} 17. b3 {[%emt 0:04:13]} Nxe5 {[%emt 0:03:08]} 18. f4 {[%emt 0:02:45]} Qg6 {[%emt 0:01:32]} 19. fxe5 {[%emt 0:04:54]} cxb3 {[%emt 0:02:59]} 20. Qxb3 {[%emt 0:03:10]} Be6 {[%emt 0:05:43]} 21. Bf3 {[%emt 0:00:51]} Rac8 {[%emt 0:01:26]} 22. Qxb7 {[%emt 0:06:08]} Qg5 {[%emt 0:13:54]} 23. Rae1 {[%emt 0:05:09]} a5 {[%emt 0:00:13]} 24. Qb5 {[%emt 0:01:55]} Qd8 {[%emt 0:00:21]} 25. Rc1 {[%emt 0:02:44]} Rb8 {[%emt 0:00:07]} 26. Qd3 {[%emt 0:01:39]} Rb4 {[%emt 0:00:39]} 27. Rc6 {[%emt 0:03:11]} Qg5 {[%emt 0:03:46]} 28. Rc5 {[%emt 0:06:01]} Rfb8 {[%emt 0:02:46]} 29. Rxa5 {[%emt 0:06:11]} Rb3 {[%emt 0:00:38]} 30. Qe2 {[%emt 0:00:33]} Rxe3 {[%emt 0:01:08]} 31. Qf2 {[%emt 0:00:43]} Rd3 {[%emt 0:03:49]} 32. h4 {[%emt 0:01:38]} Qd8 {[%emt 0:01:02]} 33. Ra6 {[%emt 0:00:08]} Rb6 {[%emt 0:01:07]} 34. Ra7 {[%emt 0:00:58]} Qb8 {[%emt 0:02:00]} 35. Re7 {[%emt 0:00:35]} Rb7 {[%emt 0:14:44]} 36. Rxb7 {[%emt 0:00:34]} Qxb7 {[%emt 0:00:01]} 37. a5 {[%emt 0:02:08]} Ra3 {[%emt 0:01:07]} 38. Qc2 {[%emt 0:00:36]} Rxa5 {[%emt 0:00:55]} 39. Rb1 {[%emt 0:00:19]} Qa7 {[%emt 0:02:07]} 40. Kh2 {[%emt 0:00:19]} g6 {[%emt 0:01:34]} 41. Qd2 {[%emt 0:30:42]} Kh7 {[%emt 0:34:35]} 42. h5 {[%emt 0:00:00]} g5 {[%emt 0:00:00]} 43. Bd1 {[%emt 0:00:00]} Ra2 {[%emt 0:00:00]} 44. Rb2 {[%emt 0:00:00]} Rxb2 {[%emt 0:00:00]} 45. Qxb2 {[%emt 0:00:00]} Kg8 {[%emt 0:00:00]} 46. Bc2 {[%emt 0:00:00]} Qa5 {[%emt 0:00:00]} 47. Qb8+ {[%emt 0:00:00]} 1/2-1/2

[Event "7th Francophone-ch 2019"]
[Site "Paris"]
[Date "2019.08.10"]
[Round "7.5"]
[White "David, Alberto"]
[Black "Eugene, Floryan"]
[Result "1-0"]
[WhiteElo "2553"]
[BlackElo "2300"]
[Annotator "ChessBase"]
[PlyCount "97"]
[EventDate "2019.08.04"]
[EventType "swiss"]
[EventCountry "FRA"]
[SourceTitle "playchess.com"]
[Source "ChessBase"]
[SourceQuality "1"]
[TimeControl "40/5400+30:1800+30"]

1. d4 {[%emt 0:00:00]} Nf6 {[%emt 0:02:04]} 2. Nf3 {[%emt 0:00:00]} g6 {[%emt 0:01:47]} 3. Nbd2 {[%emt 0:00:07]} Bg7 {[%emt 0:03:00]} 4. e4 {[%emt 0:00:09]} d6 {[%emt 0:00:06]} 5. Bb5+ {[%emt 0:00:15]} c6 {[%emt 0:02:50]} 6. Bd3 {[%emt 0:00:06]} O-O {[%emt 0:03:04]} 7. O-O {[%emt 0:00:06]} Nbd7 {[%emt 0:03:24]} 8. Re1 {[%emt 0:01:49]} e5 {[%emt 0:00:25]} 9. c3 {[%emt 0:00:07]} Re8 {[%emt 0:05:56]} 10. h3 {[%emt 0:11:55]} Qc7 {[%emt 0:04:02]} 11. Bc2 {[%emt 0:04:49]} b6 {[%emt 0:16:16]} 12. Nf1 {[%emt 0:00:44]} Bb7 {[%emt 0:00:52]} 13. Ng3 {[%emt 0:00:07]} Rad8 {[%emt 0:02:28]} 14. Bg5 {[%emt 0:03:00]} h6 {[%emt 0:01:53]} 15. Bd2 {[%emt 0:00:05]} d5 {[%emt 0:14:40]} 16. exd5 {[%emt 0:05:10]} Nxd5 {[%emt 0:00:57]} 17. Qc1 {[%emt 0:02:12]} exd4 {[%emt 0:02:39]} 18. Rxe8+ {[%emt 0:02:02]} Rxe8 {[%emt 0:00:04]} 19. cxd4 {[%emt 0:07:46]} h5 {[%emt 0:07:49]} 20. Bh6 {[%emt 0:10:51]} Bxh6 {[%emt 0:07:52]} 21. Qxh6 {[%emt 0:01:13]} Qf4 {[%emt 0:00:09]} 22. Ng5 {[%emt 0:01:34]} Nf8 {[%emt 0:00:15]} 23. N3e4 {[%emt 0:04:26]} f5 {[%emt 0:06:10]} 24. g3 {[%emt 0:05:26]} Qc7 {[%emt 0:00:09]} 25. Nc3 {[%emt 0:00:40]} Nxc3 {[%emt 0:01:03]} 26. bxc3 {[%emt 0:01:10]} c5 {[%emt 0:00:03]} 27. Rd1 {[%emt 0:09:45]} c4 {[%emt 0:00:37]} 28. d5 {[%emt 0:10:46]} Re2 {[%emt 0:00:48]} 29. Ne6 {[%emt 0:01:51]} Nxe6 {[%emt 0:08:02]} 30. dxe6 {[%emt 0:00:10]} Rxe6 {[%emt 0:02:26]} 31. Bxf5 {[%emt 0:00:08]} Rd6 {[%emt 0:01:21]} 32. Rxd6 {[%emt 0:00:14]} Qxd6 {[%emt 0:00:02]} 33. Qxg6+ {[%emt 0:00:05]} Qxg6 {[%emt 0:00:01]} 34. Bxg6 {[%emt 0:00:05]} b5 {[%emt 0:00:45]} 35. a3 {[%emt 0:03:06]} h4 {[%emt 0:00:24]} 36. Kf1 {[%emt 0:01:56]} Bc8 {[%emt 0:00:40]} 37. g4 {[%emt 0:00:43]} Bd7 {[%emt 0:00:59]} 38. Be4 {[%emt 0:00:22]} Kg7 {[%emt 0:00:05]} 39. f4 {[%emt 0:00:05]} a5 {[%emt 0:00:36]} 40. Kf2 {[%emt 0:00:11]} b4 {[%emt 0:00:36]} 41. cxb4 {[%emt 0:30:17]} axb4 {[%emt 0:30:13]} 42. axb4 {[%emt 0:00:05]} c3 {[%emt 0:00:38]} 43. Bd3 {[%emt 0:04:06]} Bc6 {[%emt 0:01:02]} 44. g5 {[%emt 0:03:19]} Bd7 {[%emt 0:01:51]} 45. f5 {[%emt 0:03:26]} Bc6 {[%emt 0:00:04]} 46. Ke3 {[%emt 0:05:16]} Kf8 {[%emt 0:00:52]} 47. b5 {[%emt 0:01:00]} Bg2 {[%emt 0:00:32]} 48. b6 {[%emt 0:00:09]} Ke7 {[%emt 0:00:04]} 49. f6+ {[%emt 0:00:31]} 1-0

[Event "7th Francophone-ch 2019"]
[Site "Paris"]
[Date "2019.08.10"]
[Round "7.6"]
[White "Rakotomaharo, Fy Antenaina"]
[Black "Dudognon, Thibault"]
[Result "1-0"]
[WhiteElo "2419"]
[BlackElo "2247"]
[Annotator "NA"]
[PlyCount "145"]
[EventDate "2019.08.04"]
[EventType "swiss"]
[EventCountry "FRA"]
[SourceTitle "playchess.com"]
[Source "ChessBase"]
[SourceQuality "1"]
[TimeControl "40/5400+30:1800+30"]

1. d4 {[%emt 0:00:00]} d5 {[%emt 0:00:00]} 2. c4 {[%emt 0:00:00]} c6 {[%emt 0:00:00]} 3. Nc3 {[%emt 0:00:00]} Nf6 {[%emt 0:00:00]} 4. Nf3 {[%emt 0:00:06]} dxc4 {[%emt 0:00:00]} 5. a4 {[%emt 0:00:38]} Bf5 {[%emt 0:00:00]} 6. e3 {[%emt 0:00:20]} e6 {[%emt 0:00:13]} 7. Bxc4 {[%emt 0:00:06]} Bb4 {[%emt 0:00:03]} 8. O-O {[%emt 0:00:10]} Nbd7 {[%emt 0:00:22]} 9. Qe2 {[%emt 0:05:50]} Bg6 {[%emt 0:00:05]} 10. Rd1 {[%emt 0:00:04]} O-O {[%emt 0:00:50]} 11. h3 {[%emt 0:01:05]} Qe7 {[%emt 0:04:51]} 12. Bd2 {[%emt 0:05:14]} e5 {[%emt 0:03:19]} 13. Nh4 {[%emt 0:01:48]} exd4 {[%emt 0:01:50]} 14. Nxg6 {[%emt 0:00:34]} hxg6 {[%emt 0:00:04]} 15. exd4 {[%emt 0:00:05]} Qxe2 {[%emt 0:00:26]} 16. Bxe2 {[%emt 0:00:05]} a5 {[%emt 0:02:40]} 17. Bc4 {[%emt 0:11:37]} Nb6 {[%emt 0:02:19]} 18. Bb3 {[%emt 0:00:04]} Rfe8 {[%emt 0:02:43]} 19. g4 {[%emt 0:04:45]} Rad8 {[%emt 0:02:24]} 20. g5 {[%emt 0:07:08]} Nfd5 {[%emt 0:03:02]} 21. Re1 {[%emt 0:00:48]} Kf8 {[%emt 0:03:27]} 22. Rxe8+ {[%emt 0:04:03]} Rxe8 {[%emt 0:00:23]} 23. Kg2 {[%emt 0:00:49]} f5 {[%emt 0:05:24]} 24. Rh1 {[%emt 0:04:26]} Nc7 {[%emt 0:14:28]} 25. Rd1 {[%emt 0:02:09]} Ncd5 {[%emt 0:07:56]} 26. h4 {[%emt 0:04:04]} Rd8 {[%emt 0:05:24]} 27. Kf3 {[%emt 0:07:43]} Ne7 {[%emt 0:02:55]} 28. Bf4 {[%emt 0:02:41]} Nbd5 {[%emt 0:00:21]} 29. Nxd5 {[%emt 0:00:38]} Nxd5 {[%emt 0:02:36]} 30. Be5 {[%emt 0:00:07]} Bd6 {[%emt 0:02:59]} 31. Bxd5 {[%emt 0:01:25]} Bxe5 {[%emt 0:02:28]} 32. dxe5 {[%emt 0:00:05]} cxd5 {[%emt 0:00:03]} 33. Ke3 {[%emt 0:06:26]} Ke7 {[%emt 0:05:36]} 34. Rc1 {[%emt 0:00:12]} Rh8 {[%emt 0:02:15]} 35. Rc7+ {[%emt 0:08:56]} Ke6 {[%emt 0:00:07]} 36. f4 {[%emt 0:00:03]} Rxh4 {[%emt 0:00:10]} 37. Rxg7 {[%emt 0:00:07]} d4+ {[%emt 0:00:19]} 38. Kf3 {[%emt 0:00:20]} Rh3+ {[%emt 0:00:32]} 39. Kg2 {[%emt 0:00:09]} Rb3 {[%emt 0:00:11]} 40. Rxg6+ {[%emt 0:02:41]} Kd5 {[%emt 0:00:31]} 41. Rd6+ {[%emt 0:30:08]} Ke4 {[%emt 0:30:54]} 42. g6 {[%emt 0:00:09]} Rxb2+ {[%emt 0:05:26]} 43. Kg3 {[%emt 0:01:30]} Rb1 {[%emt 0:00:00]} 44. e6 {[%emt 0:00:00]} Rg1+ {[%emt 0:00:00]} 45. Kf2 {[%emt 0:00:00]} Rxg6 {[%emt 0:00:00]} 46. e7 {[%emt 0:00:00]} Rxd6 {[%emt 0:00:00]} 47. e8=Q+ {[%emt 0:00:00]} Kxf4 {[%emt 0:00:00]} 48. Qe7 {[%emt 0:00:00]} Rd5 {[%emt 0:00:00]} 49. Qe6 {[%emt 0:00:00]} Re5 {[%emt 0:00:00]} 50. Qd7 {[%emt 0:00:00]} Ke4 {[%emt 0:00:25]} 51. Ke2 {[%emt 0:00:00]} Rd5 {[%emt 0:04:16]} 52. Qe7+ {[%emt 0:00:12]} Re5 {[%emt 0:00:08]} 53. Qxb7+ {[%emt 0:00:25]} Rd5 {[%emt 0:00:14]} 54. Qe7+ {[%emt 0:01:42]} Re5 {[%emt 0:00:29]} 55. Qd8 {[%emt 0:08:22]} f4 {[%emt 0:05:04]} 56. Kd2 {[%emt 0:03:56]} Rd5 {[%emt 0:01:34]} 57. Qe7+ {[%emt 0:01:58]} Re5 {[%emt 0:00:26]} 58. Qa3 {[%emt 0:00:14]} Rd5 {[%emt 0:01:34]} 59. Qd3+ {[%emt 0:00:15]} Ke5 {[%emt 0:00:04]} 60. Qe2+ {[%emt 0:00:11]} Kf5 {[%emt 0:03:34]} 61. Kd3 {[%emt 0:01:16]} Re5 {[%emt 0:02:42]} 62. Qg2 {[%emt 0:00:30]} Kf6 {[%emt 0:01:46]} 63. Kxd4 {[%emt 0:01:16]} Rf5 {[%emt 0:01:28]} 64. Qf3 {[%emt 0:00:19]} Kg5 {[%emt 0:00:40]} 65. Ke4 {[%emt 0:00:10]} Rf6 {[%emt 0:01:11]} 66. Qg2+ {[%emt 0:00:25]} Kh6 {[%emt 0:00:16]} 67. Kf3 {[%emt 0:02:33]} Rf5 {[%emt 0:00:18]} 68. Qg8 {[%emt 0:00:26]} Rg5 {[%emt 0:02:20]} 69. Qe6+ {[%emt 0:02:11]} Rg6 {[%emt 0:02:47]} 70. Qh3+ {[%emt 0:00:26]} Kg5 {[%emt 0:00:28]} 71. Qg4+ {[%emt 0:00:22]} Kf6 {[%emt 0:00:15]} 72. Qxf4+ {[%emt 0:00:06]} Ke6 {[%emt 0:00:04]} 73. Qc4+ {[%emt 0:09:57] Kd5 Ke4+} 1-0

[Event "7th Francophone-ch 2019"]
[Site "Paris"]
[Date "2019.08.10"]
[Round "7.7"]
[White "Amdouni, Zoubaier"]
[Black "Dardha, Daniel"]
[Result "1/2-1/2"]
[WhiteElo "2248"]
[BlackElo "2420"]
[Annotator "NA"]
[PlyCount "59"]
[EventDate "2019.08.04"]
[EventType "swiss"]
[EventCountry "FRA"]
[SourceTitle "playchess.com"]
[Source "ChessBase"]
[SourceQuality "1"]
[TimeControl "40/5400+30:1800+30"]

1. e4 {[%emt 0:03:10]} c5 {[%emt 0:00:00]} 2. Nf3 {[%emt 0:00:06]} Nc6 {[%emt 0:00:00]} 3. d4 {[%emt 0:00:13]} cxd4 {[%emt 0:00:00]} 4. Nxd4 {[%emt 0:00:02]} e5 {[%emt 0:00:00]} 5. Nb5 {[%emt 0:00:38]} d6 {[%emt 0:00:00]} 6. N1c3 {[%emt 0:00:38]} a6 {[%emt 0:00:03]} 7. Na3 {[%emt 0:00:02]} Be7 {[%emt 0:00:04]} 8. Nc4 {[%emt 0:01:47]} b5 {[%emt 0:00:05]} 9. Ne3 {[%emt 0:00:25]} Nf6 {[%emt 0:00:08]} 10. Ned5 {[%emt 0:00:36]} O-O {[%emt 0:00:22]} 11. a4 {[%emt 0:01:58]} b4 {[%emt 0:01:14]} 12. Nxf6+ {[%emt 0:00:11]} Bxf6 {[%emt 0:00:04]} 13. Nd5 {[%emt 0:00:05]} Bg5 {[%emt 0:00:32]} 14. Bc4 {[%emt 0:04:49]} Bxc1 {[%emt 0:02:01]} 15. Rxc1 {[%emt 0:01:22]} a5 {[%emt 0:02:28]} 16. O-O {[%emt 0:00:22]} Nd4 {[%emt 0:01:22]} 17. f4 {[%emt 0:02:48]} Bb7 {[%emt 0:17:06]} 18. c3 {[%emt 0:34:48]} bxc3 {[%emt 0:03:55]} 19. bxc3 {[%emt 0:00:10]} Ne6 {[%emt 0:03:55]} 20. f5 {[%emt 0:00:42]} Nf4 {[%emt 0:10:18]} 21. Nxf4 {[%emt 0:06:19]} exf4 {[%emt 0:00:24]} 22. Rxf4 {[%emt 0:00:44]} Qb6+ {[%emt 0:01:05]} 23. Qd4 {[%emt 0:09:12]} Qxd4+ {[%emt 0:00:18]} 24. cxd4 {[%emt 0:00:01]} Rac8 {[%emt 0:00:14]} 25. Rc2 {[%emt 0:00:06]} h6 {[%emt 0:07:34]} 26. e5 {[%emt 0:08:32]} Bd5 {[%emt 0:01:17]} 27. Bd3 {[%emt 0:00:31]} Rxc2 {[%emt 0:00:08]} 28. Bxc2 {[%emt 0:00:01]} dxe5 {[%emt 0:00:10]} 29. dxe5 {[%emt 0:00:09]} Re8 {[%emt 0:00:10]} 30. e6 {[%emt 0:06:47]} 1/2-1/2